| 000 | 01164nam a2200217Ia 4500 | ||
|---|---|---|---|
| 003 | Ost | ||
| 005 | 20260416102355.0 | ||
| 008 | 260416s9999||||xx |||||||||||||| ||und|| | ||
| 040 | _cfsecg | ||
| 041 | _aara | ||
| 082 | _a512.943 | ||
| 100 |
_aرياش، لخضر _eمؤلف |
||
| 245 | 0 |
_aالخوارزميات : _bملخص دروس و تمارين محلولة / _c لخضر رياش |
|
| 260 |
_aالجزائر _bجامعة الجزائر3: كلية العلوم الإقتصادية، العلوم التجارية وعلوم التسيير _c2020 |
||
| 300 |
_a88 ورقة _bايضاحات _c30 سم |
||
| 504 | _aمراجع ص.88 | ||
| 520 | _aمفاهيم أولية للخوارزميات و الأنواع الأساسية للمعطيات و عملياتها ، أنواع التعليمات في الخوارزمية ، الأنواع المهيكلة للمعطيات و أخيرا تمارين مقترحة مع الحلول. | ||
| 653 | _aالخوارزميات | ||
| 710 |
_aجامعة الجزائر3: كلية العلوم الإقتصادية، العلوم التجارية وعلوم التسيير _eناشر علمي |
||
| 942 | _cHANDOUT | ||
| 999 |
_c41173 _d41173 |
||